Los limites del derecho : (Registro nro. 18775)

Detalles MARC
000 -LEADER
fixed length control field 01253nam a2200277 4500
001 - CONTROL NUMBER
control field 0000022205
003 - CONTROL NUMBER IDENTIFIER
control field CO-CtgCURN
005 - DATE AND TIME OF LATEST TRANSACTION
control field 20250331184416.0
008 - FIXED-LENGTH DATA ELEMENTS--GENERAL INFORMATION
fixed length control field 160627s2005 000 0 eng d
020 ## - INTERNATIONAL STANDARD BOOK NUMBER
International Standard Book Number 958350517X
040 ## - CATALOGING SOURCE
Original cataloging agency CO-CtgCURN
Language of cataloging spa
Transcribing agency coctgcurn
082 0# - DEWEY DECIMAL CLASSIFICATION NUMBER
Classification number 340.11
Item number N322l
100 1# - MAIN ENTRY--PERSONAL NAME
Personal name Navarro, Pablo E.
245 14 - TITLE STATEMENT
Title Los limites del derecho :
Remainder of title estudios sobre los compromisos conceptuales del positivismo juridico /
Statement of responsibility, etc. Pablo E. Navarro.
260 ## - PUBLICATION, DISTRIBUTION, ETC.
Place of publication, distribution, etc. Bogotá :
Name of publisher, distributor, etc. Temis,
Date of publication, distribution, etc. 2005.
300 ## - PHYSICAL DESCRIPTION
Extent ix, 196 p.
336 ## - CONTENT TYPE
Source rdacontent
337 ## - MEDIA TYPE
Source rdamedia
Media type term sin mediacion
Media type code n
338 ## - CARRIER TYPE
Source rdacarrier
Carrier type term volumen
Carrier type code nc
504 ## - BIBLIOGRAPHY, ETC. NOTE
Bibliography, etc. note Bibliografia (p. 185-194)
505 8# - FORMATTED CONTENTS NOTE
Formatted contents note Acerca de la autodestrucción del positivismo.--La aplicabilidad de las normas juridicas.--Casos dificiles, laguna en el derecho y discrecion judicial.-Interpretacion y aplicacion de normas juridicas.--Derrotabilidad y sistematizacion de normas juridicas.--Enunciados jurídicos y proposiciones normativas.--Acerca de las normas derivadas.--Normas derivadas y autoridad del derecho
650 #0 - SUBJECT ADDED ENTRY--TOPICAL TERM
Topical term or geographic name entry element Derecho
Form subdivision Fuentes.
908 ## - PUT COMMAND PARAMETER (RLIN)
Put command parameter 160627
942 ## - ADDED ENTRY ELEMENTS (KOHA)
Koha item type Libros
Classification part 340.11
Item part N322l
Source of classification or shelving scheme Dewey Decimal Classification
999 ## - SYSTEM CONTROL NUMBERS (KOHA)
-- 1
Existencias
Withdrawn status Lost status Source of classification or shelving scheme Damaged status Not for loan Home library Current library Shelving location Date acquired Inventory number Total checkouts Full call number Barcode Date last seen Copy number Price effective from Koha item type Public note
    Dewey Decimal Classification     Miguel Henríquez Castañeda Miguel Henríquez Castañeda General 03/04/2019 003502   340.11 N322l 003502 03/04/2019 ej.1 03/04/2019 Libros 340-DEREC